|
|
|
|
| LEADER |
00000cam a2200000 a 4500 |
| 001 |
76925 |
| 005 |
20240403062605.0 |
| 008 |
000000|1962 ||||||||r|||||||||||spa|| |
| 040 |
|
|
|b spa
|
| 041 |
1 |
|
|a spa
|
| 082 |
0 |
|
|a 382
|
| 100 |
1 |
|
|a Funes Robert, Manuel
|9 67290
|
| 245 |
1 |
1 |
|a Marxismo y comercio internacional: teoría del subdesarrollo económico
|c Manuel Funes Robert
|h imp
|
| 264 |
|
|
|a México
|b Aguilar
|c 1962
|
| 300 |
|
|
|a 260 páginas:
|c 22 cm
|
| 650 |
1 |
|
|a Comercio internacional
|9 11939
|
| 650 |
1 |
7 |
|a Subdesarrollo
|9 3102
|
| 650 |
1 |
0 |
|a Liberalismo
|9 93
|
| 650 |
1 |
|
|a Paises subdesarrollados
|9 12102
|
| 852 |
|
|
|a UC-CDJBV
|c ESTANTERIA CERRADA
|f Compra
|k sara.alvarado
|l 1
|m General
|p 00000000
|r 2
|t 76925
|b 0
|d CDRC
|e CDRC
|g 382 ESTANTERIA CERRADA
|z 0000-00-00
|
| 942 |
|
|
|c BK
|
| 999 |
|
|
|c 41181
|d 41181
|